000 00287nam a2200097Ia 4500
001 644706
005 20250826153610.0
008 250824s9999 xx 000 0 und d
245 0 _aPROFESÖR Pİ İLE MATEMATİK 10 ŞEKİL ŞEKİL TUHAFLIKLAR
_cBİRSEN EKİM ÖZEN
260 _bTİMAŞ ÇOCUK
999 _c644706
_d644706